Statistics for Italy Global Cities

Click here to take the quiz!

General Stats

  • This quiz has been taken 89 times
  • The average score is 8 of 9

Answer Stats

HintAnswer% Correct
Beta+Rome
100%
AlphaMilan
99%
SufficiencyNaples
95%
GammaTurin
94%
SufficiencyFlorence
92%
SufficiencyPalermo
88%
SufficiencyGenoa
87%
SufficiencyBologna
81%
SufficiencyTrieste
47%

Score Distribution

Percentile by Number Answered

Percent of People with Each Score

Your Score History

You have not taken this quiz